Loading...
| Philosophy | 0 | 6 | 1 | 0 | 55 | 47 | 68.17 | 1 | 4 | 0.00 | 0.00 |
| Literature - British | 0 | 5 | 0 | 0 | 50 | 76 | 102.20 | 0 | 2 | 0.00 | 0.00 |
| Fine Arts - Other | 0 | 5 | 0 | 0 | 50 | 48 | 86.80 | 1 | 2 | 0.00 | 0.00 |
| History - European | 0 | 4 | 0 | 0 | 40 | 60 | 93.75 | 0 | 1 | 0.00 | 0.00 |
| History - World | 0 | 4 | 1 | 0 | 35 | 34 | 52.75 | 1 | 2 | 0.00 | 0.00 |
| Literature - European | 0 | 3 | 0 | 1 | 30 | 100 | 115.33 | 0 | 0 | 0.00 | 0.00 |
| Fine Arts - Visual | 0 | 3 | 0 | 0 | 30 | 105 | 112.67 | 0 | 0 | 0.00 | 0.00 |
| Literature - American | 0 | 3 | 0 | 0 | 30 | 57 | 100.33 | 0 | 2 | 0.00 | 0.00 |
| Fine Arts - Classical Music | 0 | 2 | 0 | 0 | 20 | 44 | 56.50 | 0 | 2 | 0.00 | 0.00 |
| Geography/Current Events | 0 | 2 | 0 | 1 | 20 | 70 | 100.00 | 1 | 1 | 0.00 | 0.00 |
| History - Other | 0 | 2 | 0 | 0 | 20 | 31 | 63.50 | 1 | 1 | 0.00 | 0.00 |
| Literature - World/Other | 0 | 2 | 0 | 0 | 20 | 83 | 112.00 | 0 | 0 | 0.00 | 0.00 |
| Other Academic | 0 | 2 | 0 | 0 | 20 | 34 | 60.50 | 1 | 1 | 0.00 | 0.00 |
| Science - Other | 0 | 1 | 0 | 0 | 10 | 97 | 97.00 | 0 | 0 | 0.00 | 0.00 |
| Social Science | 0 | 1 | 0 | 0 | 10 | 41 | 41.00 | 0 | 1 | 0.00 | 0.00 |
| History - American | 0 | 1 | 1 | 0 | 5 | 76 | 76.00 | 0 | 0 | 0.00 | 0.00 |